Porous silica, its properties and use as support in column liquid chromatography /
Guardado en:
| Autor Principal: | |
|---|---|
| Formato: | Libro |
| Idioma: | English |
| Publicado: |
Amsterdam : New York :
Elsevier Scientific Pub. Co. ; distributors for the U.S.A. and Canada, Elsevier/North-Holland,
1979.
|
| Series: | Journal of chromatography library ;
v. 16 |
| Materias: | |
| Etiquetas: |
Agregar Etiqueta
Sin Etiquetas, Sea el primero en etiquetar este registro!
|
| LEADER | 00906cam a22002175a 4500 | ||
|---|---|---|---|
| 001 | EIQ.libpla003498 | ||
| 008 | 790419s1979####ne#a#####b####001#0#eng#d | ||
| 005 | 20080205185319.0 | ||
| 245 | 1 | 0 | |a Porous silica, its properties and use as support in column liquid chromatography / |c K. K. Unger. |
| 260 | |a Amsterdam : |b Elsevier Scientific Pub. Co. ; |a New York : |b distributors for the U.S.A. and Canada, Elsevier/North-Holland, |c 1979. | ||
| 300 | |a xi, 336 p. : |b il. ; |c 25 cm. | ||
| 440 | 0 | |a Journal of chromatography library ; |v v. 16 | |
| 504 | |a Incluye referencias bibliográficas e índice. | ||
| 020 | |a 0444416838 | ||
| 100 | 1 | |a Unger, K. K. |q (Klaus K.), |d 1936- | |
| 082 | 0 | 0 | |a 543/.08 |
| 650 | 4 | |a Cromatografía líquida |x Equipo y fuentes. | |
| 650 | 0 | |a Liquid chromatography |x Equipment and supplies. | |
| 010 | |a 79012682 | ||
| 040 | |a DLC |c DLC |d AR-BbSID | ||
| 859 | |a AR-BbSID |b BIB. PLAPIQUI |h 543.08 |i Un 3 |p 1380 | ||
